The order of Mass in Latin and English. (Record no. 129204)
[ view plain ]
| 000 -LEADER | |
|---|---|
| fixed length control field | 01064cam a2200265 4500 |
| 001 - CONTROL NUMBER | |
| control field | 2271048 |
| 003 - CONTROL NUMBER IDENTIFIER | |
| control field | ARRUPE |
| 005 - DATE AND TIME OF LATEST TRANSACTION | |
| control field | 20190314093404.0 |
| 008 - FIXED-LENGTH DATA ELEMENTS--GENERAL INFORMATION | |
| fixed length control field | 811217s1978 enk 000 0 eng |
| 010 ## - LIBRARY OF CONGRESS CONTROL NUMBER | |
| LC control number | 78325961 |
| 040 ## - CATALOGING SOURCE | |
| Original cataloging agency | DLC |
| Transcribing agency | DLC |
| Modifying agency | DLC |
| 041 0# - LANGUAGE CODE | |
| Language code of text/sound track or separate title | englat |
| 050 00 - LIBRARY OF CONGRESS CALL NUMBER | |
| Classification number | BX2015.25 |
| Item number | .O65 |
| 082 00 - DEWEY DECIMAL CLASSIFICATION NUMBER | |
| Classification number | 264/.023 |
| Edition number | 20 |
| 300 ## - PHYSICAL DESCRIPTION | |
| Dimensions | 15 cm. |
| 110 2# - MAIN ENTRY--CORPORATE NAME | |
| Corporate name or jurisdiction name as entry element | Catholic Church. |
| Form subheading | Liturgy and ritual. |
| 9 (RLIN) | 45223 |
| 245 14 - TITLE STATEMENT | |
| Title | The order of Mass in Latin and English. |
| 260 ## - PUBLICATION, DISTRIBUTION, ETC. (IMPRINT) | |
| Place of publication, distribution, etc | London : |
| Name of publisher, distributor, etc | Catholic Truth Society, |
| Date of publication, distribution, etc | 1978. |
| 300 ## - PHYSICAL DESCRIPTION | |
| Extent | 57 p. ; |
| 350 ## - PRICE (NR) (BK AM CF MU VM SE) [OBSOLETE] | |
| Price | £0.25 |
| 500 ## - GENERAL NOTE | |
| General note | On cover: D506. |
| 500 ## - GENERAL NOTE | |
| General note | For lay use. Contains the spoken parts only, with simplified rubrics in English, of the Ordo Missae cum populo of 1969, with corresponding English version used in the United Kingdom and Ireland. In both texts, the Prefaces are omitted. |
| 650 ## - SUBJECT ADDED ENTRY--TOPICAL TERM | |
| Topical term or geographic name as entry element | Lord's supper |
| General subdivision | latin/English |
| 9 (RLIN) | 45224 |
| 906 ## - LOCAL DATA ELEMENT F, LDF (RLIN) | |
| a | 7 |
| b | cbc |
| c | orignew |
| d | 1 |
| e | ncip |
| f | 19 |
| g | y-gencatlg |
| 942 ## - ADDED ENTRY ELEMENTS (KOHA) | |
| Source of classification or shelving scheme | Library of Congress Classification |
| Koha item type | Monograph ( Printed materials) |
| Withdrawn status | Lost status | Source of classification or shelving scheme | Damaged status | Not for loan | Collection code | Home library | Current library | Shelving location | Date acquired | Total Checkouts | Full call number | Barcode | Date last seen | Price effective from | Koha item type |
|---|---|---|---|---|---|---|---|---|---|---|---|---|---|---|---|
| Library of Congress Classification | Main Collection | ARRUPE LIBRARY | ARRUPE LIBRARY | Main Collection | 14/03/2019 | BX2015.25 .O65 | 46600004215 | 14/03/2019 | 14/03/2019 | Monograph ( Printed materials) |